[Event "DSJ Weihnachtsturnier U16: Lasker 2020"]
[Site ""]
[Date "2020.12.28"]
[Round "5"]
[White "Gossing, Marie-Sophie"]
[Black "Borgstädt, Leif Jona"]
[Result "1-0"]
[Termination "normal"]
[Board "12.2"]
[WhiteElo "1269"]
[BlackElo "1376"]
[WhiteTeam "Lübecker SV von 1873"]
[BlackTeam "Bielefelder Schachklub von 1883"]
[PlyCount "45"]
[WhiteFideId "16217284"]
[BlackFideId "16266153"]
[EventRounds "7"]
[EventType "team-swiss"]
[EventDate "2020.12.28"]

1. e4 {[%emt 0:00:07]} e5 {[%emt 0:00:02]} 2. Nf3 {[%emt 0:00:30]} Nf6 { [%emt
0:00:02]} 3. Nc3 {[%emt 0:00:04]} Nc6 {[%emt 0:00:03]} 4. Bc4 {[%emt 0:00:03]}
Nxe4 {[%emt 0:00:02]} 5. Nxe4 {[%emt 0:00:08]} d5 {[%emt 0:00:01]} 6. Bxd5
{[%emt 0:00:12]} Qxd5 {[%emt 0:00:03]} 7. Nc3 {[%emt 0:00:04]} Qd8 { [%emt
0:00:02]} 8. O-O {[%emt 0:00:03]} Bg4 {[%emt 0:00:02]} 9. h3 {[%emt 0:00:10]}
Bh5 {[%emt 0:00:02]} 10. g4 {[%emt 0:00:07]} Bg6 {[%emt 0:00:03]} 11. Re1
{[%emt 0:00:07]} Bd6 {[%emt 0:00:03]} 12. d4 {[%emt 0:00:12]} f6 {[%emt
0:00:29]} 13. dxe5 {[%emt 0:00:31]} Nxe5 {[%emt 0:00:22]} 14. Bf4 {[%emt
0:00:17]} O-O {[%emt 0:00:24]} 15. Bxe5 {[%emt 0:00:25]} Bxe5 {[%emt 0:00:11]}
16. Nxe5 { [%emt 0:00:34]} fxe5 {[%emt 0:00:05]} 17. Rxe5 {[%emt 0:00:21]} Qf6
{[%emt 0:00:31]} 18. Qd5+ {[%emt 0:00:17]} Bf7 {[%emt 0:00:25]} 19. Qe4 {[%emt
0:00:19]} Bg6 {[%emt 0:00:11]} 20. Qe2 {[%emt 0:00:24] Bielefd1-002
reconnected.} Bxc2 { [%emt 0:04:59]} 21. Rf1 {[%emt 0:00:44]} Bg6 {[%emt
0:00:11]} 22. Nd5 {[%emt 0:00:05]} Rad8 {[%emt 0:00:32]} 23. Nxf6+ {[%emt
0:00:10]} 1-0

[Event "DSJ Weihnachtsturnier U16: Lasker 2020"]
[Site ""]
[Date "2020.12.28"]
[Round "5"]
[White "Pougin, Elias"]
[Black "Dittenberger, Nico"]
[Result "1-0"]
[Termination "normal"]
[Board "13.1"]
[WhiteElo "1838"]
[BlackElo "1419"]
[WhiteTeam "Schachfreunde Gern"]
[BlackTeam "SC Landskrone"]
[PlyCount "137"]
[WhiteFideId "16263251"]
[BlackFideId "12996254"]
[EventRounds "7"]
[EventType "team-swiss"]
[EventDate "2020.12.28"]

1. c4 {[%emt 0:00:07]} e5 {[%emt 0:00:08]} 2. g3 {[%emt 0:00:13]} c5 {[%emt
0:00:05]} 3. Bg2 {[%emt 0:00:36]} Nc6 {[%emt 0:00:18]} 4. Nc3 {[%emt 0:00:20]}
Nf6 {[%emt 0:00:19]} 5. d3 {[%emt 0:00:29]} g6 {[%emt 0:00:53]} 6. e3 {[%emt
0:00:25]} Bg7 {[%emt 0:00:07]} 7. Nge2 {[%emt 0:00:02]} O-O {[%emt 0:00:05]} 8.
Bd2 {[%emt 0:00:03]} d6 {[%emt 0:00:06]} 9. O-O {[%emt 0:00:19]} Be6 {[%emt
0:00:04]} 10. Nd5 {[%emt 0:00:44]} Bxd5 {[%emt 0:00:11]} 11. cxd5 {[%emt
0:00:04] } Ne7 {[%emt 0:00:01]} 12. e4 {[%emt 0:02:29]} b6 {[%emt 0:00:06]} 13.
f4 { [%emt 0:00:15]} Qd7 {[%emt 0:00:17]} 14. fxe5 {[%emt 0:00:06]} dxe5 {[%emt
0:00:04]} 15. b4 {[%emt 0:00:15]} cxb4 {[%emt 0:00:06]} 16. Bxb4 {[%emt
0:00:02]} a5 {[%emt 0:00:08]} 17. Ba3 {[%emt 0:00:18]} Qa7 {[%emt 0:00:16]} 18.
Rc1 { [%emt 0:00:31]} Rfc8 {[%emt 0:00:08]} 19. Bh3 {[%emt 0:00:14]} Rxc1
{[%emt 0:00:09]} 20. Qxc1 {[%emt 0:00:02]} b5+ {[%emt 0:00:09]} 21. Bc5 {[%emt
0:00:51]} Qb7 {[%emt 0:00:22]} 22. Qe3 {[%emt 0:00:36]} Nc8 {[%emt 0:01:24]}
23. Kh1 { [%emt 0:00:33]} Nd7 {[%emt 0:00:32]} 24. Ba3 {[%emt 0:00:28]} Qb6
{[%emt 0:00:19]} 25. Qf3 {[%emt 0:00:11]} f5 {[%emt 0:00:24]} 26. exf5 {[%emt
0:00:07]} Qf6 {[%emt 0:00:12]} 27. fxg6 {[%emt 0:00:04]} Qxf3+ {[%emt 0:00:05]}
28. Rxf3 { [%emt 0:00:06]} Nf6 {[%emt 0:00:02]} 29. gxh7+ {[%emt 0:00:14]} Kxh7
{[%emt 0:00:07]} 30. d6 {[%emt 0:00:09]} Nb6 {[%emt 0:00:09]} 31. d7 {[%emt
0:00:01]} Rd8 {[%emt 0:00:06]} 32. Bf5+ {[%emt 0:00:02]} Kh8 {[%emt 0:00:06]}
33. Be7 { [%emt 0:00:02]} Rxd7 {[%emt 0:00:08]} 34. Bxd7 {[%emt 0:00:03]} Nbxd7
{[%emt 0:00:01]} 35. Bxf6 {[%emt 0:00:01]} Nxf6 {[%emt 0:00:04]} 36. Nc3 {[%emt
0:00:01] } b4 {[%emt 0:00:04]} 37. Ne4 {[%emt 0:00:01]} Nxe4 {[%emt 0:00:02]}
38. dxe4 { [%emt 0:00:00]} Kg8 {[%emt 0:00:08]} 39. Kg2 {[%emt 0:00:01]} a4
{[%emt 0:00:04]} 40. Kf2 {[%emt 0:00:01]} b3 {[%emt 0:00:02]} 41. axb3 {[%emt
0:00:01]} a3 {[%emt 0:00:01]} 42. b4 {[%emt 0:00:03]} a2 {[%emt 0:00:02]} 43.
Ra3 {[%emt 0:00:02]} Bf8 {[%emt 0:00:02]} 44. Rxa2 {[%emt 0:00:02]} Bxb4 {[%emt
0:00:02]} 45. Ra8+ {[%emt 0:00:02]} Kf7 {[%emt 0:00:02]} 46. Ra6 {[%emt
0:00:03]} Bc5+ { [%emt 0:00:03]} 47. Kf3 {[%emt 0:00:01]} Ke7 {[%emt 0:00:04]}
48. h4 {[%emt 0:00:02]} Kf7 {[%emt 0:00:03]} 49. g4 {[%emt 0:00:01]} Kg7 {[%emt
0:00:01]} 50. h5 {[%emt 0:00:01]} Kh7 {[%emt 0:00:02]} 51. g5 {[%emt 0:00:01]}
Kg7 {[%emt 0:00:05]} 52. Rc6 {[%emt 0:00:01]} Bf8 {[%emt 0:00:05]} 53. Rc7+
{[%emt 0:00:01]} Kh8 {[%emt 0:00:02]} 54. h6 {[%emt 0:00:02]} Kg8 {[%emt
0:00:02]} 55. Rg7+ { [%emt 0:00:02]} Bxg7 {[%emt 0:00:02]} 56. hxg7 {[%emt
0:00:00]} Kxg7 {[%emt 0:00:01]} 57. Kg4 {[%emt 0:00:01]} Kg6 {[%emt 0:00:01]}
58. Kh4 {[%emt 0:00:01]} Kg7 {[%emt 0:00:06]} 59. Kh5 {[%emt 0:00:01]} Kh7
{[%emt 0:00:01]} 60. g6+ { [%emt 0:00:01]} Kg7 {[%emt 0:00:02]} 61. Kg5 {[%emt
0:00:01]} Kg8 {[%emt 0:00:01]} 62. Kf6 {[%emt 0:00:02]} Kh8 {[%emt 0:00:07]}
63. Kxe5 {[%emt 0:00:00]} Kg7 {[%emt 0:00:02]} 64. Kf5 {[%emt 0:00:01]} Kh8
{[%emt 0:00:03]} 65. e5 { [%emt 0:00:00]} Kg7 {[%emt 0:00:02]} 66. e6 {[%emt
0:00:01]} Kf8 {[%emt 0:00:03]} 67. Kf6 {[%emt 0:00:02]} Kg8 {[%emt 0:00:02]}
68. e7 {[%emt 0:00:03]} Kh8 {[%emt 0:00:03]} 69. e8=R# {[%emt 0:00:02]} 1-0

[Event "DSJ Weihnachtsturnier U16: Lasker 2020"]
[Site ""]
[Date "2020.12.28"]
[Round "5"]
[White "Müller, Riyanna"]
[Black "Somsoor, Yousif"]
[Result "0-1"]
[Termination "normal"]
[Board "13.4"]
[WhiteElo "1364"]
[BlackElo "1151"]
[WhiteTeam "SC Landskrone"]
[BlackTeam "Schachfreunde Gern"]
[PlyCount "52"]
[WhiteFideId "16287401"]
[EventRounds "7"]
[EventType "team-swiss"]
[EventDate "2020.12.28"]

1. e4 {[%emt 0:00:05]} c5 {[%emt 0:00:03]} 2. c3 {[%emt 0:00:02]} d6 {[%emt
0:00:02]} 3. d4 {[%emt 0:00:06]} cxd4 {[%emt 0:00:03]} 4. cxd4 {[%emt 0:00:07]}
Nf6 {[%emt 0:00:03]} 5. Nc3 {[%emt 0:00:02]} Nc6 {[%emt 0:00:06]} 6. Nf3 {
[%emt 0:00:06]} g6 {[%emt 0:00:05]} 7. h3 {[%emt 0:00:06]} Bg7 {[%emt 0:00:02]}
8. Be2 {[%emt 0:00:02]} O-O {[%emt 0:00:02]} 9. O-O {[%emt 0:00:02]} a6 { [%emt
0:00:11]} 10. Be3 {[%emt 0:00:14]} b5 {[%emt 0:00:09]} 11. a3 {[%emt 0:00:05]}
Bb7 {[%emt 0:00:03]} 12. Qd2 {[%emt 0:00:19]} Rc8 {[%emt 0:00:05]} 13. Bh6
{[%emt 0:00:08]} Na5 {[%emt 0:00:22]} 14. d5 {[%emt 0:00:14]} Nb3 {[%emt
0:00:04]} 15. Qg5 {[%emt 0:00:10]} Nxa1 {[%emt 0:00:08]} 16. Rxa1 {[%emt
0:00:00] } e6 {[%emt 0:00:14]} 17. dxe6 {[%emt 0:00:27]} fxe6 {[%emt 0:00:02]}
18. Nd2 { [%emt 0:00:06]} Nd7 {[%emt 0:00:20]} 19. Qe3 {[%emt 0:00:30]} Qf6
{[%emt 0:00:27]} 20. Nf3 {[%emt 0:00:39]} Nc5 {[%emt 0:01:37]} 21. Rd1 {[%emt
0:00:38]} Bxh6 {[%emt 0:00:22]} 22. Qxh6 {[%emt 0:00:07]} Nxe4 {[%emt 0:00:06]}
23. Nxe4 {[%emt 0:00:06]} Bxe4 {[%emt 0:00:03]} 24. Rxd6 {[%emt 0:00:46]} Bxf3
{[%emt 0:00:08]} 25. Bxf3 {[%emt 0:00:04]} Rc1+ {[%emt 0:00:03]} 26. Kh2 {[%emt
0:00:17] } Qe5+ {[%emt 0:00:06]} 0-1

[Event "DSJ Weihnachtsturnier U16: Lasker 2020"]
[Site ""]
[Date "2020.12.28"]
[Round "5"]
[White "Schwandner, Clemens"]
[Black "Ramien, Hannah"]
[Result "1/2-1/2"]
[Termination "normal"]
[Board "14.1"]
[WhiteElo "1281"]
[BlackElo "1396"]
[WhiteTeam "SC 1951 Nordhausen"]
[BlackTeam "Schachgemeinschaft Porz 2"]
[PlyCount "71"]
[BlackFideId "16209982"]
[EventRounds "7"]
[EventType "team-swiss"]
[EventDate "2020.12.28"]

1. e4 {[%emt 0:00:02]} e5 {[%emt 0:00:02]} 2. Nf3 {[%emt 0:00:02]} Nc6 { [%emt
0:00:02]} 3. Nc3 {[%emt 0:00:02]} Nf6 {[%emt 0:00:03]} 4. Bb5 {[%emt 0:00:03]}
d6 {[%emt 0:00:28]} 5. d4 {[%emt 0:00:07]} exd4 {[%emt 0:00:12]} 6. Nxd4 {[%emt
0:00:02]} Bd7 {[%emt 0:00:02]} 7. Be3 {[%emt 0:00:14]} a6 {[%emt 0:00:13]} 8.
Ba4 {[%emt 0:00:26]} b5 {[%emt 0:00:09]} 9. Bb3 {[%emt 0:00:02]} Be7 {[%emt
0:00:16]} 10. Nxc6 {[%emt 0:00:13]} Bxc6 {[%emt 0:00:03]} 11. Bd5 { [%emt
0:00:08]} Qd7 {[%emt 0:00:37]} 12. h3 {[%emt 0:00:40]} O-O {[%emt 0:00:22]} 13.
O-O {[%emt 0:00:12]} b4 {[%emt 0:00:12]} 14. Bxc6 {[%emt 0:00:05]} Qxc6 {[%emt
0:00:04]} 15. Nd5 {[%emt 0:00:05]} Rfe8 {[%emt 0:00:33]} 16. Re1 { [%emt
0:00:26]} Nxe4 {[%emt 0:00:27]} 17. Nxb4 {[%emt 0:00:22]} Qb5 {[%emt 0:00:27]}
18. Nd5 {[%emt 0:00:17]} Qb7 {[%emt 0:00:27]} 19. Bf4 {[%emt 0:00:39]} Bf6
{[%emt 0:00:45]} 20. Qd3 {[%emt 0:01:54]} Bxb2 {[%emt 0:01:46]} 21. Rab1 {
[%emt 0:00:16]} Nc5 {[%emt 0:00:08]} 22. Qf3 {[%emt 0:01:01]} Rxe1+ {[%emt
0:00:33]} 23. Rxe1 {[%emt 0:00:09]} Qa7 {[%emt 0:00:15]} 24. Qe3 {[%emt
0:01:10]} Ne6 {[%emt 0:00:15]} 25. Qxa7 {[%emt 0:00:27]} Rxa7 {[%emt 0:00:03]}
26. Rb1 { [%emt 0:00:22]} Bf6 {[%emt 0:01:17]} 27. Rb8+ {[%emt 0:00:08]} Bd8
{[%emt 0:00:06]} 28. Ne7+ {[%emt 0:00:39]} Kf8 {[%emt 0:00:09]} 29. Nc6 {[%emt
0:00:05]} Ke8 {[%emt 0:00:20]} 30. Nxa7 {[%emt 0:00:04]} Nxf4 {[%emt 0:00:01]}
31. Nc6 { [%emt 0:00:02]} Ne6 {[%emt 0:00:03]} 32. Nxd8 {[%emt 0:00:02]} Nxd8
{[%emt 0:00:02]} 33. Rb3 {[%emt 0:00:03]} Kd7 {[%emt 0:00:03]} 34. c4 {[%emt
0:00:01]} Ne6 {[%emt 0:00:03]} 35. f3 {[%emt 0:00:03]} Nc5 {[%emt 0:00:05]} 36.
Rb1 { [%emt 0:00:08] Nordhaus001 offers a draw} 1/2-1/2

[Event "DSJ Weihnachtsturnier U16: Lasker 2020"]
[Site ""]
[Date "2020.12.28"]
[Round "5"]
[White "Kazimov, Alis"]
[Black "Stahl, Phillip"]
[Result "1-0"]
[Termination "normal"]
[Board "14.2"]
[WhiteElo "1341"]
[BlackElo "1222"]
[WhiteTeam "Schachgemeinschaft Porz 2"]
[BlackTeam "SC 1951 Nordhausen"]
[PlyCount "53"]
[WhiteFideId "16255348"]
[BlackFideId "34624015"]
[EventRounds "7"]
[EventType "team-swiss"]
[EventDate "2020.12.28"]

1. e4 {[%emt 0:00:05]} c6 {[%emt 0:00:01]} 2. d4 {[%emt 0:00:05]} d5 {[%emt
0:00:01]} 3. exd5 {[%emt 0:00:14]} cxd5 {[%emt 0:00:04]} 4. Bd3 {[%emt
0:00:14]} Nc6 {[%emt 0:00:03]} 5. Ne2 {[%emt 0:00:12]} Nf6 {[%emt 0:00:04]} 6.
Nbc3 { [%emt 0:00:03]} Bg4 {[%emt 0:00:08]} 7. O-O {[%emt 0:00:16]} Bh5 {[%emt
0:00:05]} 8. Qe1 {[%emt 0:00:25]} h6 {[%emt 0:00:08]} 9. Ng3 {[%emt 0:00:02]}
Bg6 { [%emt 0:00:04]} 10. Bxg6 {[%emt 0:00:12]} fxg6 {[%emt 0:00:23]} 11. Be3 {
[%emt 0:00:28]} Nb4 {[%emt 0:00:29]} 12. Qd2 {[%emt 0:00:29]} e6 {[%emt
0:00:18]} 13. a3 {[%emt 0:00:29]} Nc6 {[%emt 0:00:42]} 14. Rfe1 {[%emt 0:01:41]
Nordhaus002 offers a draw} Bd6 {[%emt 0:00:57]} 15. Bf4 {[%emt 0:00:33]} O-O {
[%emt 0:00:23]} 16. Rxe6 {[%emt 0:00:44]} Bxf4 {[%emt 0:00:30]} 17. Qxf4 {
[%emt 0:00:08]} Nh5 {[%emt 0:00:08]} 18. Qe3 {[%emt 0:00:37]} Nxg3 {[%emt
0:01:03]} 19. hxg3 {[%emt 0:01:14]} Re8 {[%emt 0:00:18]} 20. Re1 {[%emt
0:00:14]} Rxe6 {[%emt 0:01:40]} 21. Qxe6+ {[%emt 0:00:03]} Kh7 {[%emt 0:00:00]}
22. Qxd5 {[%emt 0:00:42]} Qb6 {[%emt 0:00:00]} 23. Ne4 {[%emt 0:01:07]} Qxd4
{[%emt 0:00:45]} 24. Qxd4 {[%emt 0:00:14]} Nxd4 {[%emt 0:00:39]} 25. c3 {[%emt
0:00:03]} Nf5 {[%emt 0:00:06]} 26. Nc5 {[%emt 0:00:16]} Rc8 {[%emt 0:00:04]}
27. c4 { [%emt 0:00:05] . ' Arbiter Decision (ClaimWin Time Overstepped),
result=2} 1-0

[Event "DSJ Weihnachtsturnier U16: Lasker 2020"]
[Site ""]
[Date "2020.12.28"]
[Round "5"]
[White "Parladi, Berk"]
[Black "Schiebeck, Matteo"]
[Result "1-0"]
[Termination "normal"]
[Board "14.4"]
[WhiteElo "1113"]
[BlackElo "960"]
[WhiteTeam "Schachgemeinschaft Porz 2"]
[BlackTeam "SC 1951 Nordhausen"]
[PlyCount "49"]
[EventRounds "7"]
[EventType "team-swiss"]
[EventDate "2020.12.28"]

1. d4 {[%emt 0:00:04]} d5 {[%emt 0:00:13]} 2. c4 {[%emt 0:00:04]} dxc4 { [%emt
0:00:05]} 3. e3 {[%emt 0:00:05]} Bf5 {[%emt 0:00:20]} 4. Nc3 {[%emt 0:00:12]}
Nc6 {[%emt 0:00:09]} 5. Bxc4 {[%emt 0:00:06]} e6 {[%emt 0:00:19]} 6. Nf3 {
[%emt 0:00:04]} Bb4 {[%emt 0:00:05]} 7. Bd2 {[%emt 0:00:25]} Nf6 {[%emt
0:00:06]} 8. a3 {[%emt 0:00:04]} Ba5 {[%emt 0:00:04]} 9. b4 {[%emt 0:00:04]}
Bb6 { [%emt 0:00:13]} 10. O-O {[%emt 0:00:06]} a6 {[%emt 0:00:03]} 11. Re1
{[%emt 0:00:15]} O-O {[%emt 0:00:08]} 12. e4 {[%emt 0:00:15]} Bg4 {[%emt
0:00:12]} 13. d5 {[%emt 0:00:18]} exd5 {[%emt 0:00:11]} 14. Nxd5 {[%emt
0:00:08]} Nxd5 { [%emt 0:00:18]} 15. Bxd5 {[%emt 0:00:03]} Re8 {[%emt 0:00:14]}
16. h3 {[%emt 0:00:11]} Bh5 {[%emt 0:00:05]} 17. Rc1 {[%emt 0:00:21]} h6 {[%emt
0:00:20]} 18. Qb3 {[%emt 0:00:10]} Qd7 {[%emt 0:00:38]} 19. Bc3 {[%emt
0:00:23]} Na7 { [%emt 0:01:12]} 20. Red1 {[%emt 0:00:38]} c6 {[%emt 0:01:05]}
21. Bc4 {[%emt 0:00:51]} Qe7 {[%emt 0:00:09]} 22. Bb2 {[%emt 0:01:48]} Qxe4
{[%emt 0:00:36]} 23. Qc3 {[%emt 0:00:27]} Kf8 {[%emt 0:00:26]} 24. Qxg7+ {[%emt
0:00:21]} Ke7 { [%emt 0:00:08]} 25. Bf6# {[%emt 0:00:03]} 1-0

[Event "DSJ Weihnachtsturnier U16: Lasker 2020"]
[Site ""]
[Date "2020.12.28"]
[Round "6"]
[White "Trifan, Andrei Ioan"]
[Black "Weihrauch, Jakob"]
[Result "1-0"]
[Termination "normal"]
[Board "1.1"]
[WhiteElo "2237"]
[BlackElo "2146"]
[WhiteTeam "OSG Baden-Baden"]
[BlackTeam "Hamburger SK von 1830"]
[PlyCount "97"]
[WhiteFideId "12967068"]
[BlackFideId "16210115"]
[EventRounds "7"]
[EventType "team-swiss"]
[EventDate "2020.12.28"]

1. e4 {[%emt 0:00:02]} c5 {[%emt 0:00:02]} 2. Nf3 {[%emt 0:00:05]} d6 {[%emt
0:00:02]} 3. d4 {[%emt 0:00:01]} cxd4 {[%emt 0:00:01]} 4. Nxd4 {[%emt 0:00:00]}
Nf6 {[%emt 0:00:01]} 5. Nc3 {[%emt 0:00:01]} a6 {[%emt 0:00:04]} 6. Bg5 { [%emt
0:00:02]} e6 {[%emt 0:00:03]} 7. f4 {[%emt 0:00:03]} Nbd7 {[%emt 0:00:03] } 8.
Qe2 {[%emt 0:00:07]} Qc7 {[%emt 0:00:04]} 9. O-O-O {[%emt 0:00:02]} h6 { [%emt
0:00:01]} 10. Bh4 {[%emt 0:00:02]} b5 {[%emt 0:00:05]} 11. a3 {[%emt 0:00:07]}
Bb7 {[%emt 0:00:05]} 12. g4 {[%emt 0:00:05]} Rc8 {[%emt 0:00:15]} 13. Rg1
{[%emt 0:00:07]} Nc5 {[%emt 0:00:07]} 14. Bxf6 {[%emt 0:00:15]} gxf6 { [%emt
0:00:03]} 15. f5 {[%emt 0:00:14]} e5 {[%emt 0:00:38]} 16. Nd5 {[%emt 0:00:31]}
Bxd5 {[%emt 0:00:25]} 17. exd5 {[%emt 0:00:00]} Qb6 {[%emt 0:00:39]} 18. Nc6
{[%emt 0:00:16]} Nb3+ {[%emt 0:00:21]} 19. Kb1 {[%emt 0:00:04]} Qxg1 { [%emt
0:00:08]} 20. cxb3 {[%emt 0:00:06]} Rg8 {[%emt 0:00:30]} 21. a4 {[%emt
0:00:14]} Qxg4 {[%emt 0:00:33]} 22. Qxg4 {[%emt 0:00:08]} Rxg4 {[%emt 0:00:00]}
23. axb5 {[%emt 0:00:01]} axb5 {[%emt 0:00:25]} 24. Bxb5 {[%emt 0:00:00]} Rxc6
{[%emt 0:00:01]} 25. Rc1 {[%emt 0:00:31]} Kd8 {[%emt 0:00:07]} 26. Rxc6 { [%emt
0:00:04]} Rb4 {[%emt 0:00:07]} 27. Bc4 {[%emt 0:00:10]} Kd7 {[%emt 0:00:11]}
28. Ra6 {[%emt 0:00:04]} Rb7 {[%emt 0:00:14]} 29. Ra8 {[%emt 0:00:10]} Ke7
{[%emt 0:00:16]} 30. Ka2 {[%emt 0:00:24]} h5 {[%emt 0:00:08]} 31. Ba6 {[%emt
0:00:11]} Rc7 {[%emt 0:00:07]} 32. b4 {[%emt 0:00:04]} Bh6 {[%emt 0:00:38]} 33.
Bb5 {[%emt 0:00:15]} Rd7 {[%emt 0:00:25]} 34. Bxd7 {[%emt 0:00:02]} Kxd7 {
[%emt 0:00:04]} 35. Rh8 {[%emt 0:00:13]} Bd2 {[%emt 0:00:05]} 36. b5 {[%emt
0:00:07]} Kc7 {[%emt 0:00:05]} 37. Rxh5 {[%emt 0:00:04]} e4 {[%emt 0:00:02]}
38. Rh4 {[%emt 0:00:09]} e3 {[%emt 0:00:01]} 39. Re4 {[%emt 0:00:01]} Kb6
{[%emt 0:00:01]} 40. h4 {[%emt 0:00:01]} Kxb5 {[%emt 0:00:03]} 41. h5 {[%emt
0:00:02]} Kc5 {[%emt 0:00:07]} 42. h6 {[%emt 0:00:04]} Kxd5 {[%emt 0:00:01]}
43. Rxe3 { [%emt 0:00:04]} Bxe3 {[%emt 0:00:04]} 44. h7 {[%emt 0:00:00]} Ke5
{[%emt 0:00:03]} 45. h8=Q {[%emt 0:00:03]} Kxf5 {[%emt 0:00:01]} 46. Qh7+
{[%emt 0:00:03]} Ke5 {[%emt 0:00:16]} 47. Qxf7 {[%emt 0:00:02]} f5 {[%emt
0:00:01]} 48. Qe7+ { [%emt 0:00:01]} Kd5 {[%emt 0:00:02]} 49. Qxe3 {[%emt
0:00:02] HSK03-001 resigns } 1-0

[Event "DSJ Weihnachtsturnier U16: Lasker 2020"]
[Site ""]
[Date "2020.12.28"]
[Round "6"]
[White "Garner, Isaac"]
[Black "Schmitt, Daniel"]
[Result "1-0"]
[Termination "normal"]
[Board "1.2"]
[WhiteElo "2095"]
[BlackElo "1966"]
[WhiteTeam "Hamburger SK von 1830"]
[BlackTeam "OSG Baden-Baden"]
[PlyCount "103"]
[WhiteFideId "16239261"]
[BlackFideId "16279018"]
[EventRounds "7"]
[EventType "team-swiss"]
[EventDate "2020.12.28"]

1. e4 {[%emt 0:00:28]} c5 {[%emt 0:00:02]} 2. Nf3 {[%emt 0:00:06]} d6 {[%emt
0:00:03]} 3. d4 {[%emt 0:00:01]} cxd4 {[%emt 0:00:00]} 4. Nxd4 {[%emt 0:00:00]}
Nf6 {[%emt 0:00:01]} 5. Nc3 {[%emt 0:00:00]} Nc6 {[%emt 0:00:01]} 6. f3 { [%emt
0:00:05]} e5 {[%emt 0:00:02]} 7. Nb3 {[%emt 0:00:02]} Be7 {[%emt 0:00:02] } 8.
Be3 {[%emt 0:00:01]} O-O {[%emt 0:00:02]} 9. Qd2 {[%emt 0:00:01]} Be6 { [%emt
0:00:01]} 10. O-O-O {[%emt 0:00:01]} a5 {[%emt 0:00:00]} 11. Bb5 { [%emt
0:00:01]} Nb4 {[%emt 0:00:28]} 12. a3 {[%emt 0:00:27]} Bxb3 {[%emt 0:01:01]}
13. cxb3 {[%emt 0:00:05]} Qc7 {[%emt 0:00:24]} 14. Kb1 {[%emt 0:00:10]} Nc6
{[%emt 0:00:08]} 15. g4 {[%emt 0:00:17]} Na7 {[%emt 0:01:24]} 16. Bc4 { [%emt
0:00:07]} b5 {[%emt 0:00:50]} 17. Nxb5 {[%emt 0:01:04]} Nxb5 {[%emt 0:00:26]}
18. Bxb5 {[%emt 0:00:00]} Rab8 {[%emt 0:01:25]} 19. a4 {[%emt 0:00:03]} Rfd8
{[%emt 0:00:10]} 20. g5 {[%emt 0:00:05]} Nh5 {[%emt 0:00:53]} 21. Qd5 { [%emt
0:00:03]} Qc8 {[%emt 0:00:16]} 22. Bc4 {[%emt 0:00:17]} Rf8 {[%emt 0:00:03]}
23. Qxa5 {[%emt 0:00:10]} Qh3 {[%emt 0:00:01]} 24. Rhf1 {[%emt 0:00:57]} Nf4
{[%emt 0:00:33]} 25. Bxf4 {[%emt 0:00:03]} exf4 {[%emt 0:00:02]} 26. Qc7 {
[%emt 0:00:08]} Bxg5 {[%emt 0:00:11]} 27. Qxd6 {[%emt 0:00:09]} Bf6 {[%emt
0:00:35]} 28. e5 {[%emt 0:00:11]} Qf5+ {[%emt 0:00:02]} 29. Bd3 {[%emt
0:00:13]} Qxe5 {[%emt 0:00:02]} 30. Qxe5 {[%emt 0:00:01]} Bxe5 {[%emt 0:00:00]}
31. Bc4 { [%emt 0:00:01]} Rb7 {[%emt 0:00:21]} 32. Rd5 {[%emt 0:00:02]} Bf6
{[%emt 0:00:21]} 33. Rf5 {[%emt 0:00:04]} Rd8 {[%emt 0:00:11]} 34. Re1 {[%emt
0:00:18]} h6 {[%emt 0:00:12]} 35. Re2 {[%emt 0:00:10]} Rd1+ {[%emt 0:00:06]}
36. Kc2 { [%emt 0:00:01]} Rbd7 {[%emt 0:00:16]} 37. a5 {[%emt 0:00:33]} Ra1
{[%emt 0:00:13]} 38. b4 {[%emt 0:00:24]} Rc7 {[%emt 0:00:17]} 39. Rc5 {[%emt
0:00:12]} Rxc5 {[%emt 0:00:08]} 40. bxc5 {[%emt 0:00:00]} Rxa5 {[%emt 0:00:01]}
41. b4 { [%emt 0:00:03]} Ra8 {[%emt 0:00:03]} 42. Re4 {[%emt 0:00:12]} Kf8
{[%emt 0:00:02]} 43. Rxf4 {[%emt 0:00:04]} Ke7 {[%emt 0:00:01]} 44. Re4+ {[%emt
0:00:01]} Kd7 {[%emt 0:00:01]} 45. Bxf7 {[%emt 0:00:03]} Rb8 {[%emt 0:00:02]}
46. Bd5 { [%emt 0:00:05]} Kc7 {[%emt 0:00:02]} 47. Kb3 {[%emt 0:00:03]} Rd8
{[%emt 0:00:01]} 48. Kc4 {[%emt 0:00:01]} Rb8 {[%emt 0:00:01]} 49. b5 {[%emt
0:00:01]} Kd7 {[%emt 0:00:03]} 50. b6 {[%emt 0:00:02]} Bd8 {[%emt 0:00:02]} 51.
Kb5 {[%emt 0:00:02]} Rc8 {[%emt 0:00:01]} 52. Be6+ {[%emt 0:00:02]} 1-0